|
|
|
|
| LEADER |
00000nab#a22000007a#4500 |
| 001 |
arbauad004399 |
| 003 |
AR-BaUAD |
| 005 |
20250711110633.0 |
| 008 |
940614|||||||||###||||||b###|0###a|spa|| |
| 040 |
|
|
|a AR-BaUAD
|c AR-BaUAD
|b spa
|
| 100 |
|
|
|a Wassaul, Marcelo
|
| 245 |
|
|
|a El Pabellón de Francia en Sevilla '92 /
|c Marcelo Wassaul;
|
| 300 |
0 |
|
|b cortes, fot., plantas, vistas
|
| 500 |
|
|
|a Proyecto/J. P. Viguier, J. F. Jodry et Associes y F. Seigneur
|
| 653 |
|
|
|a PABELLONES
|
| 653 |
|
|
|a PABELLON DE FRANCIA
|
| 653 |
|
|
|a EXPOSICIONES
|
| 653 |
|
|
|a SEVILLA
|
| 653 |
|
|
|a VIGUIER, JEAN PAUL
|
| 653 |
|
|
|a ESPAÑA
|
| 653 |
|
|
|a 1992
|
| 773 |
0 |
|
|t Revista SCA
|g no. 158 [mayo-jun. 1992], p. 72-78
|
| 942 |
|
|
|c ARTI
|
| 952 |
|
|
|0 0
|1 0
|4 0
|7 0
|9 49319
|a AR-BAuAD
|b AR-BAuAD
|d 2025-07-11
|l 0
|p AAQA004399
|r 2025-07-11 11:06:33
|w 2025-07-11
|y ARTI
|
| 990 |
|
|
|a AQ199
|b TD
|
| 998 |
|
|
|a AAQ
|b BIBUN76
|
| 999 |
|
|
|c 28992
|d 28992
|